| 000 | 00432nam a2200157Ia 4500 | ||
|---|---|---|---|
| 005 | 20250429104303.0 | ||
| 008 | 231217s9999 xx 000 0 und d | ||
| 020 | _a9780071344449 | ||
| 082 | _a005.7 BER;2 R1 | ||
| 100 | _aBerson, Alex. Smith, Stephen. Thearling, Kurt. | ||
| 245 | 0 | _aBuilding data mining applications for CRM | |
| 260 |
_c2000 _bNew Delhi _aTMH |
||
| 300 | _axxvii+510 | ||
| 650 | _amining,CRM | ||
| 942 | _cAA | ||
| 999 |
_c182482 _d182482 |
||